Notice du plan en relief du Canal Maritime de Suez (Registro nro. 161447)

Detalles MARC
000 -LEADER
campo de control de longitud fija 00626nam a22001815i 4500
001 - NÚMERO DE CONTROL
campo de control 161447
003 - IDENTIFICADOR DE NÚMERO DE CONTROL
campo de control ES-MaACL
005 - FECHA Y HORA DE LA ÚLTIMA TRANSACCIÓN
campo de control 20230906212303.0
008 - DATOS DE LONGITUD FIJA--INFORMACIÓN GENERAL
campo de control de longitud fija 041019s1875 fr |||| | fre d
040 ## - FUENTE DE CATALOGACIÓN
Centro catalogador/agencia de origen CAM
Lengua de catalogación spa
Centro/agencia transcriptor CAM
100 1# - ENTRADA PRINCIPAL--NOMBRE DE PERSONA
Nombre de persona Paris
Títulos y otros términos asociados al nombre Vice-Amiral.
9 (RLIN) 130862
245 10 - MENCIÓN DEL TÍTULO
Título Notice du plan en relief du Canal Maritime de Suez
Resto del título : exposé dans le musée de Marine... /
Mención de responsabilidad, etc. Vice-Amiral Pâris.
260 ## - PUBLICACIÓN, DISTRIBUCIÓN, ETC.
Lugar de publicación, distribución, etc. Paris :
Nombre del editor, distribuidor, etc. Charles de Mourgues Frères,
Fecha de publicación, distribución, etc. 1875.
300 ## - DESCRIPCIÓN FÍSICA
Extensión 124 p. ;
Dimensiones 19 cm.
610 ## - PUNTO DE ACCESO ADICIONAL DE MATERIA--NOMBRE DE ENTIDAD CORPORATIVA
Nombre de entidad corporativa o nombre de jurisdicción como elemento de entrada Canal de Suez.
9 (RLIN) 223492
852 ## - LOCALIZACIÓN
Ubicación ES-MaACL
Número de control de estantería D-1808
Nota libre -- Enc. hol. conservando la cub. original
Existencias
Estatus retirado Estado de pérdida Estado de daño No para préstamo Colección Biblioteca de origen Biblioteca actual Ubicación en estantería Fecha de adquisición Fuente de adquisición Total de préstamos Signatura topográfica completa Código de barras Visto por última vez Precio de reemplazo Tipo de ítem Koha
        Libros del s. XIX Biblioteca del Ateneo de Madrid Biblioteca del Ateneo de Madrid Sala Valle Inclán 17/01/2008     D-1808 901169111 23/02/2023 23/02/2023 Libro impreso antiguo